MARC

Tag First Indicator Second Indicator Subfields
LEADER 00000cam a2200000 i 4500
001 in00003581721
005 20170928132817.0
008 140130s2014 enk b 001 0 eng
010 |a  2014001399 
015 |a GBB471186  |2 bnb 
016 7 |a 016783624  |2 Uk 
019 |a 883868869  |a 896904086  |a 899205100 
020 |a 9780199322541  |q (hardcover : alk. paper) 
020 |a 0199322546  |q (hardcover : alk. paper) 
020 |a 9780199322558  |q (pbk. : alk. paper) 
020 |a 0199322554  |q (pbk. : alk. paper) 
035 |a (OCoLC)ocn876466204 
035 |a (OCoLC)876466204  |z (OCoLC)883868869  |z (OCoLC)896904086  |z (OCoLC)899205100 
040 |a DLC  |b eng  |e rda  |c DLC  |d YDX  |d BDX  |d BTCTA  |d OCLCF  |d RCJ  |d YDXCP  |d UKMGB  |d COO  |d UBY  |d ZCU  |d CDX  |d IEU  |d UtOrBLW 
042 |a pcc 
043 |a n-us-pa 
049 |a TXAM 
050 0 0 |a HT177.P47  |b B43 2014 
082 0 0 |a 307.3/4160974811 
100 1 |a Becher, Deborah Lynn,  |d 1970-  |0 http://id.loc.gov/authorities/names/no2009120632 
245 1 0 |a Private property and public power :  |b eminent domain in Philadelphia /  |c Debbie Becher. 
264 1 |a Oxford :  |b Oxford University Press,  |c [2014] 
300 |a xv, 334 pages ;  |c 25 cm 
336 |a text  |b txt  |2 rdacontent 
337 |a unmediated  |b n  |2 rdamedia 
338 |a volume  |b nc  |2 rdacarrier 
504 |a Includes bibliographical references (pages 313-320) and index. 
505 0 |a Investment and government legitimacy -- The policy and politics of urban redevelopment -- Rhetoric without a cause: beyond libertarian and left cries of abuse -- American Street I: from badlands to promised lands -- American Street II: from promises to protests -- Jefferson Square I: competing visions of investment protection -- Jefferson Square II: legitimacy through reconciled visions -- Compensating for property by recognizing investments -- The politics of property. 
650 0 |a Urban renewal  |z Pennsylvania  |z Philadelphia  |v Case studies. 
650 0 |a Eminent domain  |z Pennsylvania  |z Philadelphia  |v Case studies. 
650 0 |a Homeowners  |z Pennsylvania  |z Philadelphia  |v Case studies. 
650 0 |a Real estate investment  |z Pennsylvania  |z Philadelphia  |v Case studies. 
650 0 |a City planning  |x Moral and ethical aspects  |z Pennsylvania  |z Philadelphia  |v Case studies. 
650 0 |a Land use, Urban  |x Government policy  |z Pennsylvania  |z Philadelphia  |v Case studies. 
650 7 |a City planning  |x Moral and ethical aspects.  |2 fast  |0 (OCoLC)fst00862237 
650 7 |a Eminent domain.  |2 fast  |0 (OCoLC)fst00908749 
650 7 |a Homeowners.  |2 fast  |0 (OCoLC)fst00959619 
650 7 |a Land use, Urban  |x Government policy.  |2 fast  |0 (OCoLC)fst00991644 
650 7 |a Real estate investment.  |2 fast  |0 (OCoLC)fst01091018 
650 7 |a Urban renewal.  |2 fast  |0 (OCoLC)fst01162536 
651 7 |a Pennsylvania  |z Philadelphia.  |2 fast  |0 (OCoLC)fst01204170 
655 7 |a Case studies.  |2 fast  |0 (OCoLC)fst01423765 
994 |a C0  |b TXA 
948 |a cataloged  |b h  |c 2015/9/4  |d c  |e jlanham  |f 12:33:55 pm 
999 f f |s cdc0aeae-bc0c-34d7-8e22-b3bdda207dd5  |i 4eefe994-dd53-3d5b-b491-7ac703e48911  |t 0 
952 f f |p normal  |a Texas A&M University  |b College Station  |c Sterling C. Evans Library  |s Evans stk  |d Evans: Library Stacks  |t 0  |e HT177.P47 B43 2014  |h Library of Congress classification  |i unmediated -- volume  |m A14843150708